| 000 | 00728cam a2200205 4500 | ||
|---|---|---|---|
| 001 | X113320 | ||
| 008 | 000000n2001 000 0 eng u | ||
| 035 | _a(Sirsi) u113320 | ||
| 100 | _aEdwards, J. | ||
| 245 | _aCowan v Cowan: a shade off-White? | ||
| 260 | _c2001 | ||
| 490 |
_aSolicitors' Journal _v145(21) 1 June 2001, 496-497(2) |
||
| 520 | _aConsiders the facts in the case of "Cowan v Cowan" and asks whether the judgment given provides the definitive guide on the division of assets on divorce following the HL ruling in "White v White". | ||
| 650 | _aCOWAN V COWAN | ||
| 650 | _aDIVORCE | ||
| 650 | _aMATRIMONIAL PROPERTY | ||
| 650 | _aWHITE V WHITE | ||
| 690 | _aPROPERTY AND LAND LAW-CASE LAW | ||
| 942 | _n0 | ||
| 999 |
_c67505 _d67505 |
||